1743 1208 1754 1985 1431 1861 1608 1797 1742 1593 1492 1936 1764 1218 1985 1296 1602 1443 1438 1710 1853 1423 1475 1323 1640 1349 1511 1728 1877 1350 1330 1589 1150 1287 1459 1458 1567 1772 1100 1259 1011 1873 1893 1797 1546 1631 1793 1808 1251 1532 1091 1022 1870 1701 1889 1712 1569 1423 1184 1231 1367 1605 1081 1102 1508 1043 1623 1258 1860 1463 1921 1650 1759 1951 1293 1672 1043 1819 1691 1458 1555 1798 1568 1671 1015 1176 1309 1425 1900 1010 1557 1853 1960 1725 1593 1849 1684 1325 1703 BCNSPRNW ULIB Ver.6.0+V

เปลี่ยนเป็นภาษาไทย

Change to English
 แสดงรายละเอียดบรรณานุกรม
  กลับหน้าหลัก

Brief Record : Get Marc (ISO 2709) : E-mail record : QR code < ปิดหน้าต่าง
LEADER : 00000nam 2200000uu 4500
001    13399111834
003     ULIB
008    110627s||||||||th 000 0 tha d
020    9786167081571
090    นว.^bอ427ส มปป.
100 0  อลิลศรา
245 00 เสน่ห์าในเพลิงทราย/^cอลิลศรา
250    พิมพ์ครั้งที่ 1
260    กรุงเทพฯ :^bกรีนมายด์,^cมปป.
300    288 หน้า
710 1  กรีนมายด์
945    ^p199^l0^i028041
995    ทศพร
999 ^a ใช้งานได้ทุกระบบ
รายการนี้ยังไม่มีแท็ก
คุณยังไม่ได้ล็อกอิน คุณสามารถมีกิจกรรมร่วมกับเว็บไซต์ได้ แต่ต้องล็อกอินก่อน ::
  ล็อกอิน

รายการสื่อสารสนเทศ

ลำดับที่ ประเภท เลขเรียก/บาร์โค้ด สถานที่ สถานะ
- ไม่พบข้อมูล -

รายการใกล้เคียง
    ผู้แต่ง [อลิลศรา]

BibComment


ยังไม่เคยถูกคอมเมนท์

คอมเมนท์ทรัพยากรรายการนี้
  คอมเมนท์: เสน่ห์าในเพลิงทรา..


 Copyright 2026. Bcnsprnw @Library